[Event "BRA-ch U26 (Women)"]
[Site "Joinville"]
[Date "2023.10.11"]
[Round "4"]
[White "Barreto E Silva, Ana Clara"]
[Black "Da Silva, Vitoria Aparecida V"]
[Result "0-1"]
[WhiteElo "1800"]
[BlackElo "1565"]
[PlyCount "134"]
[EventDate "2023.10.09"]
[EventType "swiss"]
[EventRounds "6"]
[EventCountry "BRA"]
[SourceTitle "Mega2024 Update 01"]
[Source "Chessbase"]
[SourceDate "2023.11.12"]
[SourceVersion "1"]
[SourceVersionDate "2023.11.12"]
[SourceQuality "1"]

1. c4 Nf6 2. g3 e5 3. Bg2 d5 4. cxd5 Nxd5 5. e4 Nb4 6. Bf1 Nd3+ 7. Bxd3 Qxd3 8. Qe2 Qxe2+ 9. Nxe2 Bg4 10. Nbc3 Bf3 11. 0-0 Nc6 12. Nd5 0-0-0 13. Nec3 Bxe4 14. Nxe4 Rxd5 15. a3 Nd4 16. Nc3 Rd7 17. Rd1 Nb3 18. Rb1 Bc5 19. Ne4 Bb6 20. Kf1 h6 21. Ke2 f5 22. Nc3 Rhd8 23. Na4 e4 24. Nc3 g5 25. g4 fxg4 26. Nxe4 Re8 27. d3 Nc5 28. Be3 Nxe4 29. dxe4 Rxe4 30. Rxd7 Kxd7 31. Rd1+ Kc8 32. Rd5 Bxe3 33. fxe3 b6 34. Rf5 Re6 35. e4 Rxe4+ 36. Kd3 Re6 37. Kd4 c6 38. Rf8+ Kb7 39. Rf7+ Ka6 40. Rh7 Rd6+ 41. Kc3 b5 42. b4 Kb6 43. Rh8 a5 44. Rh7 axb4+ 45. axb4 c5 46. bxc5+ Kxc5 47. Rc7+ Rc6 48. Rf7 b4+ 49. Kb3 Rb6 50. Rf2 Kd4 51. Rg2 h5 52. Rf2 Ke3 53. Rf5 Rg6 54. Kxb4 h4 55. Kc3 g3 56. hxg3 hxg3 57. Ra5 g2 58. Ra1 Kf2 59. Ra2+ Kf3 60. Ra1 Re6 61. Kd3 Re3+ 62. Kd4 Re2 63. Kd3 Kf2 64. Rb1 Re1 65. Rb5 g1Q 66. Rf5+ Kg3 67. Rxg5+ Kf4 0-1